El mundo maravilloso de guillermo enrique hudson /

Guardado en:
Autor Principal: Martínez Estrada, Ezequiel
Formato: Libro
Publicado: Rosario : Beatriz Viterbo, 2001
Series:Ensayos críticos
Materias:
Etiquetas: Agregar Etiqueta
Sin Etiquetas, Sea el primero en etiquetar este registro!
LEADER 00683nam a22002175a 4500
001 CEM.cems011824
005 20070621182159.0
008 130507s2001##################000#0#####d
003 CEMS
020 |a 9508451114 
082 0 4 |a A864.4 
100 1 |a Martínez Estrada, Ezequiel 
245 1 0 |a El mundo maravilloso de guillermo enrique hudson /  |c Ezequiel Martínez Estrada 
260 |a Rosario :  |b Beatriz Viterbo,  |c 2001 
300 |a 381 p. 
490 0 |a Ensayos críticos 
653 |a Literatura 
653 |a Ensayo argentino-siglo xx 
653 |a Hudson, guillermo enrique-crítica 
653 |a Literatura argentina 
859 |a CEMS  |b BIB. CEMS - 11 de abril  |h A864.4  |i M366-6  |p 22886.05  |t Ej.1